书目信息 |
| 题名: |
钢管混凝土空间桁架组合梁式结构
|
|
| 作者: | 张联燕 编著 | |
| 分册: | ||
| 出版信息: | 北京 人民交通出版社 1999.02 |
|
| 页数: | 146页 | |
| 开本: | 32开 | |
| 丛书名: | ||
| 单 册: | ||
| 中图分类: | U443.35 | |
| 科图分类: | ||
| 主题词: | 桥涵工程 | |
| 电子资源: | ||
| ISBN: | 7-114-03263-3 | |
| 000 | 00614nam0 2200193 45 | |
| 001 | 0010101085 | |
| 005 | 20010316162936.7 | |
| 010 | @a7-114-03263-3@d14.00元 | |
| 100 | @a20001010d1999 km y0chiy0120 ea | |
| 101 | 0 | @achi |
| 105 | @a z 000yy | |
| 200 | 1 | @a钢管混凝土空间桁架组合梁式结构@AGang Guan Hun NingTu Kong Jian Heng Jia Zu He LiangShi Jie Gou@f张联燕等编著@FZhang Lian Yan Deng Bian Zhu |
| 210 | @a北京@c人民交通出版社@d1999.02 | |
| 215 | @a146页@d32开 | |
| 606 | 0 | @a桥涵工程 |
| 690 | @aU443.35@v3 | |
| 701 | 0 | @a张联燕@4编著 |
| 801 | @aCN@bPftUser@c20001010 | |
| 905 | @dU443.35@eZH917@b329671-673@f3 | |
| 钢管混凝土空间桁架组合梁式结构/张联燕等编著.-北京:人民交通出版社,1999.02 |
| 146页;32开 |
| ISBN 7-114-03263-3:14.00元 |
| ● |
| 相关链接 |
|
|
|
正题名:钢管混凝土空间桁架组合梁式结构
索取号:U443.35/ZH917
 
预约/预借
| 序号 | 登录号 | 条形码 | 馆藏地/架位号 | 状态 | 备注 |
| 1 | 329671 | 203296717 | 自科库501/ [索取号:U443.35/ZH917] | 在馆 | |
| 2 | 329672 | 203296726 | 自科库501/501自科库 54排2列1层/ [索取号:U443.35/ZH917] | 在馆 | |
| 3 | 329673 | 203296735 | 自科库501/501自科库 54排2列1层/ [索取号:U443.35/ZH917] | 在馆 |